| 000 | 00675nam a2200205Ia 4500 | ||
|---|---|---|---|
| 003 | GCL | ||
| 008 | 140319s9999 xx 000 0 ara d | ||
| 040 |
_aGCL / _cGCL |
||
| 082 | 0 | 4 |
_a330.9 _bهـ ن |
| 100 | 1 | _aيول، هاريسون | |
| 245 | 1 | 0 |
_aفى قلب العالم الثالث : الجحيم مدينه / _cيول، هاريسون |
| 260 |
_a[S.N] : _bميدتو للتنمية والرعاية الصحية |
||
| 490 | _a | ||
| 650 | 0 | 4 | _aالدول النامية |
| 650 | 0 | 4 | _aالاحوال الاقتصادية |
| 650 | 0 | 4 | _aالموارد الاقتصادية |
| 650 | 0 | 4 | _aالفقر |
| 650 | 0 | 4 | _aالكثافة السكانية |
| 942 |
_2ddc _cBK |
||
| 999 |
_c29435 _d29435 |
||